Memorias descriptivas y analíticas de las aguas sulfurado-sódicas termales y de las cloruradas sódicas bicarbonatadas nitrogenadas de Betelu (Navarra) / (Record no. 164279)

MARC details
000 -LEADER
campo de control de longitud fija 01178nam a2200229 i 4500
001 - NÚMERO DE CONTROL
campo de control 164279
003 - IDENTIFICADOR DE NÚMERO DE CONTROL
campo de control ES-MaACL
005 - FECHA Y HORA DE LA ÚLTIMA TRANSACCIÓN
campo de control 20230906212915.0
008 - DATOS DE LONGITUD FIJA--INFORMACIÓN GENERAL
campo de control de longitud fija 050728s1871 sp | |||||||| ||spa d
100 1# - ENTRADA PRINCIPAL--NOMBRE DE PERSONA
Nombre de persona Sagastume, José Ramón.
9 (RLIN) 132275
245 10 - MENCIÓN DEL TÍTULO
Título Memorias descriptivas y analíticas de las aguas sulfurado-sódicas termales y de las cloruradas sódicas bicarbonatadas nitrogenadas de Betelu (Navarra) /
Mención de responsabilidad, etc. por los doctores D. José Ramón Sagastume, D. Manuel Saénz Díez y D. Marceliano Gómez Pamo.
260 ## - PUBLICACIÓN, DISTRIBUCIÓN, ETC.
Lugar de publicación, distribución, etc. Madrid :
Nombre del editor, distribuidor, etc. [s.n.],
Fecha de publicación, distribución, etc. 1871 (
Fabricante Imp. de la Cía. de Impresores y Libreros, a cargo de A. Avrial)
300 ## - DESCRIPCIÓN FÍSICA
Extensión 60 p. ;
Dimensiones 20 cm.
530 ## - NOTA DISPONIBLE DE FORMULARIO FÍSICO ADICIONAL
Nota de formato físico adicional disponible Disponible en formato digital.
650 ## - PUNTO DE ACCESO ADICIONAL DE MATERIA--TÉRMINO DE MATERIA
Término de materia o nombre geográfico como elemento de entrada Aguas minerales-
Subdivisión geográfica Navarra (Comunidad Autónoma)
9 (RLIN) 172337
650 #4 - PUNTO DE ACCESO ADICIONAL DE MATERIA--TÉRMINO DE MATERIA
Término de materia o nombre geográfico como elemento de entrada Balnearios-
Subdivisión geográfica Betelu (Navarra)
9 (RLIN) 135664
650 #4 - PUNTO DE ACCESO ADICIONAL DE MATERIA--TÉRMINO DE MATERIA
Término de materia o nombre geográfico como elemento de entrada Fuentes termales-
Subdivisión geográfica Navarra (Comunidad Autónoma)
9 (RLIN) 172336
700 1# - ENTRADA AGREGADA--NOMBRE PERSONAL
Nombre de persona Sáenz Díez, Manuel.
9 (RLIN) 101327
700 1# - ENTRADA AGREGADA--NOMBRE PERSONAL
Nombre de persona Gómez Pamo, M.
9 (RLIN) 58099
852 ## - LOCALIZACIÓN
Ubicación ES-MaACL
Número de control de estantería T-341-F-11
Nota libre - Enc. hol., falto de cub. original
-- - Enc. en un vol. facticio
856 ## - LOCALIZACIÓN Y ACCESO ELECTRÓNICOS
Identificador Uniforme de Recursos <a href="http://bdh-rd.bne.es/viewer.vm?id=0000109018&page=1 ">http://bdh-rd.bne.es/viewer.vm?id=0000109018&page=1 </a>
Nota pública Biblioteca Digital Hispánica
Holdings
Estatus retirado Estado de pérdida Estado de daño No para préstamo Colección Biblioteca de origen Biblioteca actual Ubicación en estantería Fecha de adquisición Total de préstamos Signatura topográfica completa Código de barras Visto por última vez Precio de reemplazo Tipo de ítem Koha
        Colección de folletos Biblioteca del Ateneo de Madrid Biblioteca del Ateneo de Madrid Depósito folletos 17/01/2008   T-341-F-11 1172193 23/02/2023 23/02/2023 Folleto